000 00727nam a2200205 a 4500
005 20230208063849.0
008 991125s1989 mx 000 0 spa u
035 _aUPN01000020702
049 _aF
050 4 _aKGC985
_bM4.3 1989a
110 1 _aMéxico.
_bProcuraduría General de la República
_928173
245 1 3 _aEl esfuerzo de México en el combate al narcotráfico /
_cProcuraduría General de la República.
260 _a[México] :
_bPGR, Subprocuraduría de Investigación y Lucha contra el Narcotráfico,
_c1989.
300 _a36 p.
520 _a"Septiembre 20 de 1989"
650 4 _aDELITOS CONTRA LA PERSONA
_912958
650 4 _aAbuso de drogas
_9242
650 4 _aDROGAS -
_xCOMERCIO
_916532
905 _aLibro
999 _c20702
_d20702